Las mil y una historias de américa /

Guardado en:
Autor Principal: Gálvez, Lucía
Formato: Libro
Publicado: Buenos Aires : Kapelusz, 1996
Materias:
Etiquetas: Agregar Etiqueta
Sin Etiquetas, Sea el primero en etiquetar este registro!
LEADER 01176nam a22002415a 4500
001 CEM.cems009242
005 20090403121331.0
008 130507s1996##################000#0#####d
003 CEMS
020 |a 9501325687 
082 0 4 |a 980 
100 1 |a Gálvez, Lucía 
245 1 0 |a Las mil y una historias de américa /  |c Lucía Gálvez 
260 |a Buenos Aires :  |b Kapelusz,  |c 1996 
300 |a 335 p. 
505 0 |a Cómo nace una civilización -- América precolombina -- Europa y la península ibérica antes y despúes del viaje de Colón -- El nuevo mundo -- Encuentros y choques entre culturas -- Las instituciones y la sociedad hispanocriolla -- La iglesia -- Evangelización, cultura y educación -- Los cambios del siglo XVIII (del simbolismo barroco al racionalismo moderno) -- Otros tipos de colonización: Brasil y los Estados Unidos 
653 |a Historia 
653 |a Conquista de américa 
653 |a Culturas precolombinas 
653 |a Historia de américa 
859 |a CEMS  |b BIB. CEMS - 11 de abril  |h 980  |i G139  |p 18818.96  |t Ej.1 
859 |a CEMS  |b BIB. CEMS - 11 de abril  |h 980  |i G139  |p 18830.96  |t Ej.2 
859 |a CEMS  |b BIB. CEMS - Agricultura  |h 980  |i G139  |p A19311.97  |t Ej.1